[Event "18th Cvijet Mediterana 2018"]
[Site "Rijeka"]
[Date "2018.02.25"]
[Round "1.1"]
[White "Kejzar, Petra"]
[Black "Doluhanova, Evgeniya"]
[Result "1/2-1/2"]
[WhiteElo "2039"]
[BlackElo "2319"]
[Annotator "TA"]
[PlyCount "100"]
[EventDate "2018.??.??"]
[EventCountry "CRO"]
[SourceTitle "playchess.com"]
[Source "ChessBase"]
[SourceQuality "1"]

{[%evp 36,100,0,0,124,124,108,99,108,106,84,75,85,7,8,0,0,0,0,0,8,0,6,6,67,0,0,0,0,-7,-7,-7,-7,-7,-7,-7,-7,-140,-140,-145,-137,-136,-136,-140,-140,-140,-89,-89,-89,-89,-89,-89,-89,-89,-89,-89,-89,-89,-89,-89,-89,-89,-89,-89,-89,-89,0]} 1. e4 c5 2. Nf3 d6 3. d4 cxd4 4. Nxd4 Nf6 5. Nc3 a6 6. Be3 e5 7. Nb3 Be7 8. f3 Be6 9. Qd2 O-O 10. O-O-O Nbd7 11. g4 b5 12. g5 b4 13. Ne2 Ne8 14. f4 a5 15. f5 {B90: Sicilian Najdorf: Unusual White 6th moves, 6 Be3 Ng4 and 6 Be3 e5} a4 16. fxe6 axb3 17. exf7+ Rxf7 18. cxb3 (18. Kb1 bxc2+ 19. Qxc2 Bxg5 20. Bxg5 Qxg5 21. Ng3 Kh8 22. Bc4 Rf8 {1-0 (40) Duda,J (2678)-Wojtaszek,R (2746) Germany 2017}) 18... Rxa2 19. Ng3 {[#] LiveBook: 31 Games. aiming for Bc4.} Ra1+ (19... Rxf1 $1 $11 {[%mdl 512]} 20. Rhxf1 (20. Rdxf1 Ra1+ 21. Kc2 Qc8+ 22. Kd3 Qa6+ 23. Kc2 Qc6+ 24. Kd3 Qa6+ 25. Kc2 Qc6+ 26. Kd3 Qa6+ $11) 20... Ra1+ 21. Kc2 Qc8+ 22. Kd3 Qa6+ 23. Kc2 Qc6+ 24. Kd3 Qa6+ 25. Kc2 Qc6+ 26. Kd3 Qa6+) 20. Kc2 $16 Rxd1 21. Kxd1 {Black must now prevent Bc4.} Kh8 22. Bc4 Rf8 23. Nf5 $146 Nc5 24. Bxc5 (24. h4 $16) 24... dxc5 $11 25. Qxd8 Bxd8 26. h4 g6 27. Ne3 Nd6 28. Bd5 Rf4 29. Kc2 {With the idea Ra1.} h6 (29... Be7 $11) 30. Kd3 (30. Ra1 $1 $14) 30... hxg5 31. hxg5+ Kg7 32. Nc4 Nxc4 33. Kxc4 Bxg5 34. Kxc5 {[%mdl 4096] Endgame KRB-KRB} Be7+ 35. Kc4 g5 {[%cal Bg6g5,Bg5g4,Bg4g3][%mdl 32]} 36. Kd3 {[#]} (36. Rg1 $11 {keeps the balance.}) 36... g4 $1 $17 37. Ke2 Bc5 38. Rh5 Kf6 39. Kd3 g3 40. Rf5+ {[#]} Rxf5 ({Black should try} 40... Kg6 $1 {Strongly threatening ...Rg4.} 41. Rxf4 exf4) 41. exf5 {Black is better.} Kxf5 {KB-KB} 42. Be4+ Kf4 43. Bd5 Bd4 44. Bc6 Bxb2 45. Be4 Kg4 46. Bg2 Kf5 47. Bd5 Bc3 48. Be4+ Kf4 49. Bd5 Kg4 {Hoping for ...Kh3.} 50. Bg2 Kf4 {Precision: White = 62%, Black = 74%.} (50... Bb2 $17 51. Ke4 Bd4) 1/2-1/2

[Event "18th Cvijet Mediterana 2018"]
[Site "Rijeka"]
[Date "2018.02.25"]
[Round "1.2"]
[White "Velickovski-Nejkovic, Maja"]
[Black "Tomilova, Elena"]
[Result "0-1"]
[WhiteElo "2186"]
[BlackElo "2331"]
[Annotator "TA"]
[PlyCount "126"]
[EventDate "2018.??.??"]
[EventCountry "CRO"]
[SourceTitle "playchess.com"]
[Source "ChessBase"]
[SourceQuality "1"]

{[%evp 19,126,14,11,-7,-7,-2,-5,-26,-19,-68,-60,-64,-24,-34,-34,-24,-34,-51,-27,-34,-14,-41,-37,-37,-13,-20,-13,-27,0,0,0,-13,0,-6,-6,-12,-10,-10,0,0,-4,-16,-10,-14,0,0,0,0,0,0,0,0,0,-10,-11,-10,-5,-24,-4,-110,-106,-75,-97,-81,-79,-119,-127,-114,-97,-127,-119,-245,-224,-248,-222,-247,-209,-208,-189,-359,-214,-216,-164,-391,-356,-409,-432,-649,-199,-536,-558,-532,-532,-569,-500,-5045,-4244,-12837,-12836,-12837,-12837,-12840,-12840,-12841,-12841,-12843,-12843,-12844,-12844]} 1. c4 e5 2. g3 Nf6 3. Bg2 d5 4. cxd5 Nxd5 5. Nc3 Nb6 6. d3 Be7 7. Be3 O-O 8. Rc1 Re8 {A22: English Opening: 1...e5 2 Nc3 Nf6} 9. a3 Bf8 10. Qc2 h6 {LiveBook: 8 Games. The position is equal.} 11. h4 $146 ({Predecessor:} 11. Nf3 Nc6 12. Ne4 Be6 13. O-O a5 14. Nc5 Bxc5 15. Bxc5 a4 16. Bxb6 cxb6 {1-0 (51) Ivanchuk,V (2766)-Fressinet,L (2700) Beijing 2012}) 11... c6 12. Nf3 Bg4 13. Nh2 Be6 14. Bxb6 axb6 15. Nf3 Nd7 16. d4 exd4 17. Nxd4 Bg4 18. O-O Qf6 19. Rcd1 Nc5 20. f3 Bc8 21. e4 b5 22. f4 Bg4 23. Rd2 Red8 24. e5 Qe7 25. Kh2 Rd7 26. Bf3 $132 {[%mdl 2048] White is not keeping still} Bxf3 27. Nxf3 Rxd2+ 28. Nxd2 Qd7 29. Nde4 Qd3 30. Qg2 Nxe4 31. Nxe4 Qd4 32. Re1 b4 33. axb4 $1 Bxb4 34. Re2 Rd8 35. Qf3 Qd1 36. Nf2 Qf1 37. e6 fxe6 38. Qe4 Kh8 39. Ng4 {[#]} (39. Qxe6 $11 {keeps the balance.} Bc5 40. Nh3) 39... Qxe2+ $1 $17 {[%mdl 512]} 40. Qxe2 Rd2 41. Qxd2 Bxd2 {[%mdl 4096] Endgame KB-KN} 42. Ne5 Kg8 43. Kg2 h5 44. Kf2 Kf8 45. Nd3 (45. Kf3 $17) 45... Ba5 46. Kf3 {[#]} Ke7 $1 47. Ke4 Bc7 48. b3 Bd6 49. Kd4 $2 (49. Nf2) 49... b6 (49... Kf6 $142 50. Ke4 g6) 50. Ke4 $19 Kf6 51. Nb2 $2 (51. Nf2) 51... b5 {[%cal Bb6b5,Bb5c4,Bc4c3][%mdl 32]} 52. Nd3 c5 53. Ne1 (53. Nb2 $142 g6 54. Nd1) 53... Be7 $2 (53... c4 54. bxc4 bxc4) 54. Nd3 $2 (54. Nc2 {was the crucial defense.}) 54... c4 {Black is clearly winning.} 55. bxc4 bxc4 56. Ne5 c3 57. Kd3 (57. Nd7+ $142 Kf7 58. Ne5+ Kf6 59. Nd7+ Kg6 60. Ne5+ Kf6) 57... Kf5 58. Ke3 Bf6 59. Nc4 Kg4 60. Ke4 Kxg3 61. Ne3 Bxh4 62. Nf1+ Kf2 63. Ne3 Ke2 {Precision: White = 33%, Black = 61%.} 0-1

[Event "18th Cvijet Mediterana 2018"]
[Site "Rijeka"]
[Date "2018.02.25"]
[Round "1.3"]
[White "Cvitan, Ena"]
[Black "Tsatsalashvili, Keti"]
[Result "0-1"]
[WhiteElo "2222"]
[BlackElo "2307"]
[Annotator "TA"]
[PlyCount "100"]
[EventDate "2018.??.??"]
[EventCountry "CRO"]
[SourceTitle "playchess.com"]
[Source "ChessBase"]
[SourceQuality "1"]

{[%evp 18,100,49,52,55,51,73,57,81,82,72,52,92,92,133,127,145,170,146,82,103,110,101,73,276,31,20,17,86,61,78,14,28,0,47,26,137,0,0,-357,-360,-399,-356,-417,-407,-383,-351,-427,-316,-318,-291,-260,-229,-241,-175,-411,-404,-387,-274,-303,-302,-280,-266,-305,-202,-292,-267,-291,-279,-333,-275,-420,-418,-420,-412,-445,-445,-439,-435,-454,-446,-448,-450,-631,-425]} 1. d4 Nf6 2. c4 e6 3. Nc3 Bb4 4. e3 c5 5. Bd3 Nc6 6. Nge2 O-O 7. O-O Bxc3 8. bxc3 d6 9. e4 e5 10. d5 {LiveBook: 14 Games. E41: Nimzo-Indian: Rubinstein: 4...c5 5 Bd3, including Hübner Variation} (10. f3 b6 11. Be3 h6 12. Qd2 Re8 13. Rad1 Ba6 14. a4 Na5 15. Qa2 Rc8 16. d5 Nh5 17. g4 Nf6 {1-0 (40) Laznicka,V (2679)-Korobov,A (2680) Dubai 2014}) 10... Na5 11. Ng3 h6 12. Bd2 $146 {White is better.} ({Find the theoretical novelty and annotate with similar games:} 12. h3 Kh7 13. f4 g6 14. fxe5 dxe5 15. Qf3 Ng8 16. Qe2 f6 17. h4 b6 {½-½ (46) Reis,C (2366)-Gonzalez,J (2325) ICCF email 2006}) 12... Re8 13. Qe2 Bg4 14. f3 Bd7 15. Rae1 a6 16. f4 b5 17. fxe5 ({Don't take} 17. cxb5 $6 exf4 18. Bxf4 c4 $16) 17... Rxe5 18. cxb5 (18. Qf3 $142) 18... c4 19. Bb1 axb5 20. Qf2 Re7 $2 (20... Qe7 $16) 21. Nf5 $2 ({Better is} 21. e5 $18 Ng4 22. exd6 Nxf2 23. dxe7) 21... Bxf5 $1 $14 22. Qxf5 Re5 (22... Qd7 $11) 23. Qf3 Nb7 {[#]} 24. Bf4 ({White should try} 24. Bxh6 $1 $16 {[%mdl 512] aiming for Bf4.} Nc5 (24... gxh6 25. Qxf6) 25. Bf4) 24... Nd7 $11 25. Qg3 Rg5 26. Qf2 f6 (26... Re5 $11) 27. e5 (27. Bxg5 $16 hxg5 28. e5 dxe5 29. h4) 27... Rxe5 $1 28. Bxh6 $2 {[%mdl 8192]} (28. Qg3 $11 {and White has nothing to worry.}) 28... gxh6 $19 29. Rxe5 dxe5 30. Qg3+ Kf8 31. Qh3 Qe7 32. Bf5 Nbc5 33. d6 Qf7 ({Resist} 33... Qg7 34. Rf3 $19) 34. Qxh6+ Qg7 35. Qd2 {intending Rf3.} Ke8 36. Rf3 $2 (36. h4) 36... Qg5 37. Qc2 Nd3 38. Bxd3 cxd3 39. Rxd3 Qf5 40. Qd2 Qf4 41. Qb2 (41. Qxf4 {keeps fighting.} exf4 42. Rd4) 41... Qe4 {[%cal Re4e1] [#]} 42. Rd1 Qc4 43. Rd2 Ra6 44. Qc2 (44. Qb4 {is a better defense.}) 44... Qc5+ 45. Kf1 Rxd6 46. Qg6+ Kd8 {Black is clearly winning.} 47. Rxd6 Qxd6 48. h4 Qd1+ 49. Kf2 Qd2+ 50. Kg1 (50. Kg3 $142) 50... Qe1+ {Precision: White = 38%, Black = 36%.} 0-1

[Event "18th Cvijet Mediterana 2018"]
[Site "Rijeka"]
[Date "2018.02.25"]
[Round "1.4"]
[White "Vujnovic, Patricija"]
[Black "Medic, Mirjana"]
[Result "1/2-1/2"]
[WhiteElo "2083"]
[BlackElo "2131"]
[Annotator "TA"]
[PlyCount "36"]
[EventDate "2018.??.??"]
[EventCountry "CRO"]
[SourceTitle "playchess.com"]
[Source "ChessBase"]
[SourceQuality "1"]

{[%evp 12,36,13,11,24,6,8,6,6,-21,-21,-24,-11,-23,-12,-8,0,0,0,0,0,-10,-8,-13,-12,-9,0]} 1. d4 d5 2. Bf4 Nf6 3. e3 e6 4. Nd2 Bd6 5. Ngf3 Bxf4 6. exf4 Qd6 {D02: 1 d4 d5 2 Nf3 sidelines, including 2...Nf6 3 g3 and 2...Nf6 3 Bf4} (6... b6 7. Bd3 c5 8. c3 O-O 9. O-O Ba6 10. Bxa6 Nxa6 11. Ne5 Nc7 12. Qf3 Nb5 13. dxc5 bxc5 14. f5 exf5 15. Qxf5 {½-½ (53) Baron,T (2557)-Rodshtein,M (2698) Biel 2016}) 7. g3 $1 {LiveBook: 6 Games} b6 {[%cal Bb7b6,Bb6c5][%mdl 32]} 8. c3 O-O 9. Bd3 c5 10. dxc5 $146 ({Find the theoretical novelty and annotate with similar games:} 10. O-O Ba6 11. Qe2 Bxd3 12. Qxd3 Nc6 13. Ne5 Rac8 14. Nxc6 Rxc6 {1-0 (45) Svatos,J (2305)-Haman,J (2182) Czechia 2014}) 10... bxc5 11. O-O Rd8 12. Re1 Nc6 13. Ne5 {The position is equal.} Bb7 14. Ndf3 {With the idea Ng5.} h6 15. Qe2 Rab8 16. Rad1 Qc7 17. Bb1 Ba8 18. b3 d4 {Precision: White = 59%, Black = 62%.} 1/2-1/2

[Event "18th Cvijet Mediterana 2018"]
[Site "Rijeka"]
[Date "2018.02.26"]
[Round "2"]
[White "Tomilova, Elena"]
[Black "Cvitan, Ena"]
[Result "1-0"]
[WhiteElo "2331"]
[BlackElo "2222"]
[Annotator "TA"]
[PlyCount "71"]
[EventDate "2018.??.??"]
[EventCountry "CRO"]
[SourceTitle "playchess.com"]
[Source "ChessBase"]
[SourceQuality "1"]

{[%evp 22,71,13,11,31,37,34,29,24,24,22,23,125,132,108,37,89,0,0,-14,-15,-18,0,0,0,0,16,-15,17,19,66,69,142,138,140,150,145,135,214,214,217,220,207,216,291,286,362,353,408,411,5589,2568]} 1. Nf3 d5 2. g3 Nf6 3. Bg2 e6 4. c4 Be7 5. b3 O-O 6. Bb2 c5 7. e3 Nc6 8. O-O d4 9. exd4 cxd4 10. Re1 Re8 11. d3 Bf8 {A14: English Opening: 1...e6 with b3 by White} (11... Bc5 12. Ba3 Nd7 13. Nfd2 Nb4 14. Ne4 a5 15. f4 Be7 16. Bb2 Nc6 17. a3 b6 18. Nd6 Bxd6 19. Bxc6 {½-½ (54) Robson,R (2668)-So,W (2822) Saint Louis 2017}) 12. Ba3 {LiveBook: 7 Games} e5 13. Bxf8 Kxf8 {White is slightly better.} 14. Nbd2 $146 ({Predecessor:} 14. a3 a5 15. Nbd2 Bf5 16. Qc2 Nd7 17. Nh4 Be6 18. Ne4 Qc7 19. c5 {1-0 (31) Pozo Vera,S (2430)-Rodriguez Rueda,P (2349) Bogota 2014}) 14... Bf5 15. b4 Nxb4 16. Nxe5 Qc7 (16... Qd6 $11 {remains equal.} 17. Qb3 Re7) 17. Ndf3 $1 $16 Rad8 {[#]} 18. Rb1 (18. Qd2 $1 $16 {[%cal Rd2b4]} Qd6 19. Rab1) 18... Na6 $14 19. h3 (19. Qc1 $16) 19... Nc5 $11 20. g4 Bc8 21. Qd2 b6 22. Re2 $36 {[%mdl 2048] Black is under pressure.} Bb7 23. Qf4 {Strongly threatening Ng6+!} Ne6 24. Qg3 {Black must now prevent Ng5!} Kg8 25. Rbe1 $1 b5 26. cxb5 Nd5 {[#]} ({Black should play} 26... Rc8 $14) 27. Nc6 $1 $16 {[%cal Rc6d8][%mdl 512]} Ndf4 {[#]} (27... Bxc6 28. Qxc7) 28. Re4 $1 ({Don't do} 28. Nxd8 $6 Nxe2+ 29. Rxe2 Qxd8 $14) 28... Bxc6 29. bxc6 Qxc6 (29... Rf8 $16 30. Bf1 Rd5) 30. Rxf4 $18 Nxf4 31. Qxf4 Rxe1+ 32. Nxe1 Qa6 {[#]} 33. Bd5 $1 {[%mdl 512]} Kh8 {With the idea ...Qa5.} (33... Rxd5 34. Qb8+) 34. Bc4 Qa5 35. Nf3 Qc5 (35... f6 $142 36. Nxd4 Qb6) 36. Ne5 {Precision: White = 77%, Black = 35%.} 1-0

[Event "18th Cvijet Mediterana 2018"]
[Site "Rijeka"]
[Date "2018.02.26"]
[Round "2"]
[White "Doluhanova, Evgeniya"]
[Black "Berke, Ana"]
[Result "1-0"]
[WhiteElo "2319"]
[BlackElo "2151"]
[Annotator "TA"]
[PlyCount "115"]
[EventDate "2018.??.??"]
[EventCountry "CRO"]
[SourceTitle "playchess.com"]
[Source "ChessBase"]
[SourceQuality "1"]

{[%evp 14,115,35,41,75,48,61,0,12,0,48,48,48,41,43,46,53,30,70,81,46,47,89,85,78,93,99,93,100,104,124,124,123,125,131,132,129,124,127,132,152,148,183,180,235,238,242,244,275,219,299,234,338,331,336,355,352,350,330,320,335,325,310,305,308,300,347,332,310,320,420,430,445,370,373,312,652,651,688,662,711,647,586,494,689,681,671,671,654,648,610,587,736,718,1024,1023,902,859,2027,1864,29983,29984,29986,29987]} 1. d4 Nf6 2. Bf4 c5 3. e3 d5 4. c3 Nc6 5. Nd2 {[%cal Bb1d2,Bd2c4,Bc4e5][%mdl 32]} Qb6 (5... Bf5 6. Ngf3 e6 7. Be2 Bd6 8. dxc5 Bxc5 9. Nd4 Bg6 10. Qa4 O-O 11. Nxc6 bxc6 12. Qxc6 Rc8 13. Qa4 Re8 14. O-O e5 {0-1 (57) Le,Q (2737)-Ding,L (2777) Riadh 2017}) 6. Qb3 {D00: 1 d4 d5: Unusual lines} c4 7. Qc2 g6 8. e4 {LiveBook: 21 Games. White is slightly better.} dxe4 9. Nxc4 Qd8 10. Ne5 Bg7 11. Bb5 Bd7 (11... Qb6 {NOTEXT} 12. a4 Bf5 13. Nc4 Qd8 14. Ne3 Nd5) 12. Nxd7 Qxd7 13. Ne2 $146 O-O 14. O-O Rac8 15. Rad1 Qf5 16. Bxc6 $1 bxc6 17. Be5 $36 {[%mdl 2048] Black is under pressure.} Rfe8 18. Ng3 Qe6 19. b3 c5 20. Rfe1 (20. Nxe4 Nxe4 21. Bxg7 (21. Qxe4 $2 cxd4 22. cxd4 f6 $19) 21... Kxg7 $17) 20... cxd4 21. Bxd4 Qc6 22. c4 ({But not} 22. Nxe4 Nxe4 23. Qxe4 Qxe4 $14) 22... a5 23. Bxf6 Bxf6 24. Nxe4 Bg7 25. h3 Rb8 26. Nc3 Rb7 27. Rd5 Ra8 28. Red1 Rbb8 (28... Bf8 {might work better.} 29. Qd2 e6) 29. Na4 $18 h5 30. Qd2 Qa6 31. Rd7 Qf6 32. Qe3 e6 (32... e5 {was worth a try.} 33. Nc3 Bf8) 33. c5 Ra6 34. Qd3 Rc6 35. Rd8+ Rxd8 36. Qxd8+ Kh7 37. Qxf6 ({Resist} 37. Qxa5 Qf4 $18) 37... Bxf6 {[%mdl 4096] Endgame KRB-KRN} 38. Rd7 Kg7 39. Ra7 Bd4 40. Rxa5 e5 {[#]} 41. Kf1 $1 g5 42. f3 {[%cal Bf2f3,Bf3e4][%mdl 32]} g4 43. hxg4 hxg4 44. Ke2 e4 $2 {[#]} (44... Rf6 45. b4 (45. fxg4 e4 $16) 45... g3) 45. fxe4 Rf6 46. Kd3 Bg1 47. e5 Re6 48. Ra8 Bh2 49. Nc3 Bxe5 50. b4 {[%cal Bb3b4,Bb4b5,Bb5b6][%mdl 32]} f5 51. b5 f4 52. Ra4 Kg6 53. Nd5 Kg5 54. Re4 Kf5 55. b6 f3 56. Ne3+ Kf6 57. Nxg4+ Kf5 58. Rxe5+ {Precision: White = 79%, Black = 39%.} 1-0

[Event "18th Cvijet Mediterana 2018"]
[Site "Rijeka"]
[Date "2018.02.26"]
[Round "2"]
[White "Tsatsalashvili, Keti"]
[Black "Vujnovic, Patricija"]
[Result "1-0"]
[WhiteElo "2307"]
[BlackElo "2083"]
[Annotator "TA"]
[PlyCount "99"]
[EventDate "2018.??.??"]
[EventCountry "CRO"]
[SourceTitle "playchess.com"]
[Source "ChessBase"]
[SourceQuality "1"]

{[%evp 17,99,18,22,10,6,5,38,27,33,-7,0,0,7,14,0,0,20,21,10,16,33,0,0,0,0,0,0,0,0,0,23,0,0,-11,-4,-60,-53,-102,-63,-47,-15,-51,-7,-73,-70,-60,-60,-67,133,86,99,89,111,98,198,182,182,189,248,206,235,217,221,195,233,206,228,208,227,218,263,187,297,298,313,285,617,236,310,323,397,306,29988,29989]} 1. d4 Nf6 2. c4 e6 3. g3 d5 4. Nf3 Bb4+ 5. Bd2 Be7 6. Bg2 Nbd7 7. Qc2 O-O 8. O-O c6 9. Bf4 Ne4 10. Nfd2 {E08: Closed Catalan: Main Line: 7 Qc2} (10. Nc3 g5 11. Bc1 f5 12. b3 b6 13. Bb2 Bb7 14. Rad1 Qe8 15. Ne5 Nxe5 16. dxe5 Nxc3 17. Qxc3 Rc8 18. e3 {1-0 (75) Le,Q (2739)-Nakamura,H (2792) Saint Louis 2017}) 10... f5 11. Nxe4 fxe4 12. Nc3 {White is slightly better.} Nf6 13. c5 $146 ({Predecessor:} 13. Rad1 Bd6 14. Bxd6 Qxd6 15. Qb3 Kh8 16. f3 exf3 17. exf3 dxc4 18. Qxc4 {1-0 (35) Blagojevic,D (2514)-Petijevic,V (2311) Tivat 2011}) 13... Qe8 14. f3 exf3 15. exf3 Nd7 16. Rae1 e5 (16... Rxf4 $5 17. gxf4 Qf7 $16) 17. Bxe5 ({Reject} 17. dxe5 Nxc5 18. Be3 Bf5 $17) 17... Nxe5 18. Rxe5 {[#] Threatens to win with Nxd5!} Qf7 19. Qd2 Bf6 20. Ree1 Bd7 21. Re2 Rae8 22. Rfe1 Rxe2 23. Rxe2 Qh5 24. Re1 Qg6 25. Kh1 h5 {[%cal Bh7h5,Bh5h4,Bh4h3][%mdl 32]} 26. Qf2 (26. Ne2 $11) 26... h4 $15 {[%mdl 1024] Black has compensation.} 27. f4 h3 28. Bf1 $1 Bg4 29. Kg1 Re8 30. f5 (30. Rxe8+ $11 Qxe8 31. a3) 30... Qh5 $17 {[#] And now ...Rxe1 would win.} 31. Rxe8+ Qxe8 32. Qf4 Bh5 $2 (32... Qh5 $15 {keeps the upper hand.}) 33. Bxh3 Qe1+ 34. Bf1 Bd1 35. g4 {Black must now prevent g5.} Bxg4 (35... Bc2 $16 {was called for.}) 36. Qxg4 $18 {Qf4 is the strong threat.} Qe3+ 37. Kh1 Bxd4 (37... Qd2 $142 38. Qe2 Qxd4 39. Qe8+ Kh7) 38. Nd1 Qe1 39. Qe2 Qh4 40. b4 a5 41. a3 axb4 42. axb4 Qf4 43. Bh3 Be5 44. b5 cxb5 (44... Bd4 $142 45. f6 Qxf6 46. bxc6 bxc6 47. Qe6+ Qxe6 48. Bxe6+ Kf8) 45. Ne3 d4 46. Ng4 d3 $2 (46... Bc7 47. Kg1 d3 48. Qe8+ Kh7 49. Qh5+ Kg8) 47. Qxd3 $2 (47. Qxe5 Qf3+ 48. Kg1 Qxh3 49. Qe8+ Kh7 50. Qg6+ Kh8 51. f6 gxf6 52. Qxf6+ Kg8 53. Qe6+ Kg7 54. Qe7+ Kh8 55. Qe5+ Kg8 56. Qe6+ Kh8 57. Qc8+ Kg7 58. Qxb7+ Kg6 59. Qe4+ Kg5 60. c6) 47... Qc1+ 48. Bf1 Qxc5 49. Qxb5 Qc3 $2 (49... Qxb5 $18 50. Bxb5 Ba1) 50. Nxe5 {Precision: White = 39%, Black = 31%.} 1-0

[Event "18th Cvijet Mediterana 2018"]
[Site "Rijeka"]
[Date "2018.02.26"]
[Round "2"]
[White "Medic, Mirjana"]
[Black "Prudnykova, Olga"]
[Result "0-1"]
[WhiteElo "2131"]
[BlackElo "2282"]
[Annotator "TA"]
[PlyCount "60"]
[EventDate "2018.??.??"]
[EventCountry "CRO"]
[SourceTitle "playchess.com"]
[Source "ChessBase"]
[SourceQuality "1"]

{[%evp 22,60,0,-4,-12,-10,-6,-14,-13,-25,-15,-22,-44,-270,-269,-269,-268,-256,-263,-261,-258,-256,-211,-276,-267,-462,-459,-466,-456,-461,-462,-525,-520,-521,-498,-552,-547,-1764,-1784,-1827,-456]} 1. d4 Nf6 2. Nf3 g6 3. g3 Bg7 4. Bg2 d5 5. O-O O-O 6. c4 dxc4 7. Na3 c3 8. bxc3 c5 9. Ne5 Nd5 10. Bb2 {D77: Fianchetto Grünfeld: 6 0-0: Replies other than 6...c6} (10. Bd2 Nc6 11. Nxc6 bxc6 12. Nc4 Ba6 13. Ne5 Qc7 14. Re1 Bxe5 15. dxe5 Qxe5 16. Qc1 Rfd8 17. Qa3 Bb5 {1-0 (54) Vitiugov,N (2721)-Najer,E (2681) Sochi 2016}) 10... Nc6 11. Nxc6 bxc6 12. e4 {LiveBook: 3 Games. The position is equal.} Nb6 {[%cal Bd5b6,Bb6d7,Bd7c5,Bc5d3][%mdl 32]} 13. e5 {[#]} Qc7 $146 ({Predecessor:} 13... Rb8 14. Bxc6 Nd5 15. dxc5 Be6 16. c4 Nb4 17. Be4 Qa5 {½-½ (59) Meijers,V (2463)-Heimann,A (2548) Lingen 2015}) 14. dxc5 Nd7 15. e6 Nxc5 16. exf7+ Rxf7 {...Ba6 is the strong threat.} 17. Re1 $2 ({White should play} 17. Nb5 $15 Qb6 18. Ba3) 17... Ba6 $1 $19 18. Bf1 {[#]} Rd8 $1 19. Qg4 Nd3 20. Bxd3 Bxd3 ({Don't take} 20... Rxd3 21. Nc4 $17) 21. Nc4 Qb7 22. Rad1 Rd5 23. Ba1 $2 (23. Rxd3 {is the only way for White.} Rxd3 24. Qe4) 23... h5 {Black is clearly winning.} 24. Qh4 {Now Ne3 and White clings on.} Bf6 ({But not} 24... g5 25. Qxh5 Bxc4 26. Rxd5 $19) 25. Qf4 g5 26. Qf3 Bxc4 27. Qxh5 Qb6 {White must now prevent ...Bg7.} 28. Rb1 Rb5 29. Qg6+ Bg7 30. Qc2 {[#]} e6 {Precision: White = 38%, Black = 70%.} (30... Rxf2 $142 $1 {[%mdl 512]} 31. Rxb5 (31. Qxf2 Rxb1) 31... Rf1+ 32. Kg2 Qg1+ 33. Kh3 cxb5) 0-1

[Event "18th Cvijet Mediterana 2018"]
[Site "Rijeka"]
[Date "2018.02.26"]
[Round "2"]
[White "Kejzar, Petra"]
[Black "Velickovski-Nejkovic, Maja"]
[Result "1/2-1/2"]
[WhiteElo "2039"]
[BlackElo "2186"]
[Annotator "TA"]
[PlyCount "122"]
[EventDate "2018.??.??"]
[EventCountry "CRO"]
[SourceTitle "playchess.com"]
[Source "ChessBase"]
[SourceQuality "1"]

{[%evp 21,122,34,68,7,31,-5,0,0,0,0,0,0,0,-6,0,-4,-6,-18,-41,-88,146,178,366,363,326,347,346,248,248,252,238,249,247,230,376,41,32,27,27,25,29,17,17,15,18,0,0,-12,104,74,219,219,212,197,199,137,137,137,136,127,255,255,239,244,378,360,379,332,337,328,307,0,267,8,12,8,29,8,5,6,1,0,0,0,0,0,0,-14,-10,-10,0,0,0,0,0,0,0,0,0,0,0,0,8]} 1. e4 c5 2. Nf3 d6 3. d4 cxd4 4. Nxd4 Nf6 5. Nc3 a6 6. Be3 e6 7. f4 Nc6 8. Be2 Qc7 9. Bf3 Bd7 10. Nb3 Be7 11. O-O b5 {LiveBook: 3 Games. B84: Sicilian Scheveningen: 6 Be2 a6, lines without early Be3} 12. Qe1 (12. a3 $14) (12. a4 b4 13. Ne2 e5 14. f5 Na5 15. Nxa5 Qxa5 16. g4 Bc6 17. Ng3 d5 18. exd5 Nxd5 {0-1 (30) Kovacevic,A (2550)-Rublevsky,S (2655) Budva 2002}) 12... O-O 13. Rd1 Rab8 14. g4 b4 15. Ne2 e5 $146 ({Find the theoretical novelty and annotate with similar games:} 15... a5 16. Rf2 e5 17. f5 Rfc8 18. g5 Ne8 {1-0 (45) Hempson,P-Wise,D corr 1984}) 16. f5 h6 17. h4 {Black must now prevent g5.} Nh7 $1 18. Kh1 Qd8 19. g5 hxg5 20. Rg1 {Threatens to win with Qg3.} f6 $2 (20... gxh4 $17 {and life is bright.} 21. Qf2 Kh8) 21. Bh5 $1 $16 Nd4 $2 (21... Be8 22. Bg6 Bf7) 22. Nexd4 exd4 23. Nxd4 Qc8 24. Qe2 Be8 25. Ne6 Bxh5 26. Qxh5 Qxc2 27. Qg4 (27. Nxf8 Qxe4+ 28. Rg2 Rxf8 $14) 27... Rf7 (27... b3 $142) 28. hxg5 $2 (28. Rg2 $18 Qa4 29. b3 (29. hxg5 fxg5 30. b3 Qc6 $16)) 28... fxg5 $14 29. Rg2 $40 {[%mdl 128] Black needs to defend precisely.} Nf6 30. Rxc2 Nxg4 31. Bxg5 Bxg5 32. Nxg5 Rf6 {...Ne3 is the strong threat.} 33. Rdc1 g6 34. Rg2 Ne5 (34... gxf5 $11 35. Nf3 (35. exf5 Rh6+ 36. Kg1 Ne3 $15) 35... Rh6+ 36. Kg1 Kf7) 35. Rc7 Rd8 (35... a5 $16 {was called for.}) 36. Ne6 $18 {Intending Rg7+ and mate.} Rd7 37. Rc8+ Kf7 38. Rf8+ (38. Nf4 $18) 38... Ke7 $16 39. Rxf6 Kxf6 {[#]} 40. fxg6 $1 Nxg6 {[#]} (40... Kxe6 $16 41. g7 Rxg7 42. Rxg7 Nd3) 41. Rxg6+ $1 {[%mdl 4608] Endgame KRN-KR} Ke5 (41... Kxg6 42. Nf8+) 42. Ng5 Kd4 (42... d5 {keeps fighting.} 43. exd5 (43. Rxa6 dxe4 44. Ra5+ Kf4 $16) 43... Kf5) 43. Rh6 Kd3 44. Rh3+ Kc2 45. Rh2+ Kd3 46. Rh3+ Kc2 {[#]} 47. Rb3 $2 (47. b3 $1 $18) 47... a5 $11 48. Nf3 {And now Nd4+ would win.} Re7 49. Re3 {aiming for b3.} Kxb2 {The position is equal.} 50. Re2+ Kc3 51. Ne1 a4 52. Rc2+ Kd4 53. Rd2+ Kc3 54. Rxd6 Rxe4 55. Nd3 Rc4 56. Kg2 b3 57. axb3 axb3 58. Kf2 Kc2 59. Ne1+ Kc1 60. Nd3+ Kc2 61. Ne1+ Kc1 {Precision: White = 53%, Black = 41%.} 1/2-1/2